Normal view
MARC view
- Moser, Leslie E.,
Entry Nombre Personal
001 - NUMERO DE CONTROL
- campo de control: 48921
003 - IDENTIFICADOR DE NUMERO DE CONTROL
- campo de control: DLC
005 - FECHA Y HORA DE LA ÜLTIMA TRANSACCIÓN
- campo de control: 20230516140255.0
008 - DATOS DE LONGITUD FIJA
- campo de control de longitud fija: 230516n| acannaabn |n aaa
010 ## - NÚMERO DE CONTROL DE LA BIBLIOTECA DEL CONGRESO
- Número de control LC: n 50007956
035 ## - NUMERO DE CONTROL
- Número de control: (OCoLC)oca00043491
040 ## - FUENTE DE CATALOGACIÓN
- Agencia original de catalogación: DLC
- Lenguaje de catalogación: spa
- Agencia de transcripción: DLC
- Agencia que lo modifica: IEN
- Agencia que lo modifica: MX-MxUPN
046 ## - FECHAS CON CODIFICACIÓN ESPECIAL
- Fecha de nacimiento: 1918
100 1# - ENCABEZAMIENTO - NOMBRE PERSONAL
- Nombre personal: Moser, Leslie E.,
- Fechas asociadas con el nombre: 1918-
670 ## - FUENTE EN LA QUE SE LOCALIZARON DATOS
- Cita de la fuente: Author's Counseling ... 1962.
670 ## - FUENTE EN LA QUE SE LOCALIZARON DATOS
- Cita de la fuente: Info. converted from 678, 2012-10-02
- Información localizada: (n. 1918; Ph. D.)
902 ## - CATALOGADOR
- Catalogador: NDAF/160523
